000 00368cam a22001337a 4500
008 180718b1965 xxu||||| |||| 00| 0 eng d
082 _aT39 K868i
100 _aKrause, Walter
245 _aInternational economics
_cby Walter Krause
260 _aLondon
_bConstable
_c1965
300 _a672p.
650 _aInternational Economic Relations
650 _aForeign Commerce
999 _c369719
_d369719